书目信息 |
| 题名: |
社会政策过程
|
|
| 作者: | 徐晓新, 著 | |
| 分册: | ||
| 出版信息: | 北京 中国社会科学出版社 2018 |
|
| 页数: | 237页 | |
| 开本: | 24cm | |
| 丛书名: | ||
| 单 册: | ||
| 中图分类: | D601 | |
| 科图分类: | ||
| 主题词: | 社会政策--she hui zheng ce--研究--中国 | |
| 电子资源: | ||
| ISBN: | 978-7-5203-1286-8 | |
| 000 | 01228cam0 2200277 450 | |
| 001 | 012001008208 | |
| 005 | 20131022114742.0 | |
| 010 | @a978-7-5203-1286-8@dCNY69.00 | |
| 099 | @aCAL 012018039773 | |
| 100 | @a20180316d2018 em y0chiy50 ea | |
| 101 | 0 | @achi |
| 102 | @aCN@b110000 | |
| 105 | @aak a 000yy | |
| 106 | @ar | |
| 200 | 1 | @a社会政策过程@Ashe hui zheng ce guo cheng@e新农合中的央地互动@d= Social policy process in China@einteraction between central and local governments@f徐晓新著@zeng |
| 210 | @a北京@c中国社会科学出版社@d2018 | |
| 215 | @a237页@d24cm | |
| 320 | @a有书目 (第199-234页) | |
| 330 | @a社会政策过程研究作为对社会政策制定和执行等过程的理论抽象,是社会政策研究的重要基石。本研究即聚焦社会政策过程,以新农合政策从酝酿、试点到正式出台的政策博弈过程为例,讨论在中国特定的场域下社会政策是如何提上议程的,又是如何制定和执行的。 | |
| 510 | 1 | @aSocial policy process in China@einteraction between central and local governments@zeng |
| 517 | 1 | @a新农合中的央地互动@AXin Nong He Zhong De Yang Di Hu Dong |
| 606 | 0 | @a社会政策@Ashe hui zheng ce@x研究@y中国 |
| 690 | @aD601@v5 | |
| 701 | 0 | @a徐晓新,@Axu xiao xin@f1977-@4著 |
| 801 | 2 | @aCN@b上海新华@c20191020 |
| 905 | @b1178108-11@dD601@e163@f4 | |
| 社会政策过程:新农合中的央地互动= Social policy process in China:interaction between central and local governments/徐晓新著.-北京:中国社会科学出版社,2018 |
| 237页;24cm |
| ISBN 978-7-5203-1286-8:CNY69.00 |
| 社会政策过程研究作为对社会政策制定和执行等过程的理论抽象,是社会政策研究的重要基石。本研究即聚焦社会政策过程,以新农合政策从酝酿、试点到正式出台的政策博弈过程为例,讨论在中国特定的场域下社会政策是如何提上议程的,又是如何制定和执行的。 |
| ● |
| 相关链接 |
|
|
|
|
正题名:社会政策过程
索取号:D601/163
 
预约/预借
| 序号 | 登录号 | 条形码 | 馆藏地/架位号 | 状态 | 备注 |
| 1 | 1178108 | 211781080 | 第一样本阅览室/ [索取号:D601/163] | 在馆 | |
| 2 | 1178109 | 211781099 | 第一借阅区/ [索取号:D601/163] | 在馆 | |
| 3 | 1178110 | 211781106 | 第一借阅区/ [索取号:D601/163] | 在馆 | |
| 4 | 1178111 | 211781115 | 第一借阅区/ [索取号:D601/163] | 在馆 |